000 00599nam a2200205Ia 4500
001 16992
003 GE_BSU
008 181216s||||||||xx |||||||||||||| ||und||
040 _cGE_BSU
080 _a821.353.1-11
100 _aბერულავა, ხუტა
245 _aთორმეტი პოემა.
245 _cრედ.დ.ციგროშვილი
260 _aთბილისი
260 _bსაბჭ. საქართველო
260 _c1974
300 _a246გვ. ; 20სმ
653 _aთორმეტი პოემა
942 _cBK
999 _c50054
_d50054